| 000 | 00377nam a2200157Ia 4500 | ||
|---|---|---|---|
| 100 | _aBalla/Jochen/ Layer/Frank | ||
| 650 | _aProduction Planning | ||
| 942 | _cRB | ||
| 366 | _f20 | ||
| 654 | _aproduction planning | ||
| 245 | _aProduction Planning with SAP-APO-PP/DS | ||
| 260 |
_bSAP Press _aUSA _c2007 |
||
| 082 |
_a658.503/BAL _bBAL |
||
| 300 | _a336 | ||
| 546 | _aENGLISH | ||
| 999 |
_c30736 _d30736 |
||